Faculty of Law Library — Cairo University

Official Online Catalog

حق الموظف العام في الانتماء إلى الأحزاب السياسية : (Record no. 56646)

MARC details
000 -LEADER
fixed length control field 02404nam a2200325 i 4500
003 - CONTROL NUMBER IDENTIFIER
control field EG-GICUC
005 - DATE AND TIME OF LATEST TRANSACTION
control field 20260121101721.0
008 - FIXED-LENGTH DATA ELEMENTS--GENERAL INFORMATION
fixed length control field 260112s2017 ua ||||fr|||| 00| 0 ara d
040 ## - CATALOGING SOURCE
Original cataloging agency EG-GICUC
Language of cataloging ara
Transcribing agency EG-GICUC
Modifying agency EG-GICUC
Description conventions rda
041 0# - LANGUAGE CODE
Language code of text/sound track or separate title ara
082 04 - DEWEY DECIMAL CLASSIFICATION NUMBER
Edition number 21
Classification number 345.43
Item number ح س . ح
092 04 - LOCALLY ASSIGNED DEWEY CALL NUMBER (OCLC)
Edition number 21
099 ## - LOCAL FREE-TEXT CALL NUMBER (OCLC)
Classification number Law1 07 345.43 ح س . ح 1 ed - 2017
100 0# - MAIN ENTRY--PERSONAL NAME
Personal name حسن طلال يونس الجليلي
Relator term مؤلف.
245 10 - TITLE STATEMENT
Title حق الموظف العام في الانتماء إلى الأحزاب السياسية :
Remainder of title (دراسة مقارنة) /
Statement of responsibility, etc. الدكتور حسن طلال يونس الجليلي.
250 ## - EDITION STATEMENT
Edition statement الطبعة الأولى
264 #1 - PRODUCTION, PUBLICATION, DISTRIBUTION, MANUFACTURE, AND COPYRIGHT NOTICE
Place of production, publication, distribution, manufacture القاهرة :
Name of producer, publisher, distributor, manufacturer المركز القومي للإصدارات القانونية،
Date of production, publication, distribution, manufacture, or copyright notice 2017.
300 ## - PHYSICAL DESCRIPTION
Extent 310 ؛ صفحة
Dimensions 24 سم.
336 ## - CONTENT TYPE
Source rda content
Content type term text
337 ## - MEDIA TYPE
Source rda media
Media type term Computer
338 ## - CARRIER TYPE
Source rda carrier
Carrier type term Online Resource
500 ## - GENERAL NOTE
General note النظام القانوني للموظف العام ومفهوم حق الانتماء إلى الأحزاب السياسية - العلاقة بين الحقوق السياسية والديمقراطية - انتماء الموظف العام إلى الأحزاب السياسية -أنواع النظم الحزبية في الأنظمة الدستورية - وظائف الأحزاب السياسية - - مدى حق الموظف في الانتماء إلى الأحزاب السياسية في الأنظمة المقارنة - أثر ممارسة الموظف العام لحقه في الانتماء إلى الأحزاب السياسية على تقلد الوظائف العامة - قيود ممارسة الموظف العام لحقه في الانتماء إلى الأحزاب السياسية - الإضراب الوظيفي -الإضراب بوصفه من الحقوق السياسية - قيود ممارسة حق الإضراب - ضمانات ممارسة الموظف العام لحقه في الانتماء إلى الأحزاب السياسية - مبدأ المساواة في تولي الوظائف العامة.<br/>
504 ## - BIBLIOGRAPHY, ETC. NOTE
Bibliography, etc. note . 297-299ببليوجرافيا: صفحات
546 ## - LANGUAGE NOTE
Language note النص باللغة العربية
650 14 - SUBJECT ADDED ENTRY--TOPICAL TERM
Topical term or geographic name entry element حقوق الموظف العام
650 14 - SUBJECT ADDED ENTRY--TOPICAL TERM
Topical term or geographic name entry element القانون الإدارى
856 40 - ELECTRONIC LOCATION AND ACCESS
Uniform Resource Identifier <a href="https://fll.law.cu.edu.eg/fulltext/bks/B07-01394.pdf">https://fll.law.cu.edu.eg/fulltext/bks/B07-01394.pdf</a>
905 ## - Cataloger and Reviser Names
Cataloger Name: Roqaia Ahmed
942 ## - ADDED ENTRY ELEMENTS (KOHA)
Source of classification or shelving scheme Dewey Decimal Classification
Koha item type Books
Edition 21
Suppress in OPAC No
Holdings
Withdrawn status Lost status Source of classification or shelving scheme Damaged status Not for loan Collection Home library Current library Date acquired Total checkouts Full call number Barcode Date last seen Copy number Price effective from Koha item type
    Dewey Decimal Classification   Not for loan القانون الإداري جــــامعة القــاهرة مكتبة كلية الحقوق - المبنى الرئيسي 12.01.2026   Law1 07 345.43 ح س . ح 1 ed - 2017 0701394 C1 B07-01394 12.01.2026 1 12.01.2026 Books

© All rights reserved — Faculty of Law, Cairo University